Xác định các nguyên tố đất hiếm riêng biệt trong Monazit và Zircon cùng thế hệ ở một số vùng ven biển miền trung và phương pháp kích hoạt Nơtron : Tóm tắt luận án /

में बचाया:
ग्रंथसूची विवरण
मुख्य लेखक: Nguyễn Thị Nga
अन्य लेखक: Lê Bá Thuận TS. (Cán bộ hướng dẫn), Nguyễn Văn Sức TS. (Cán bộ hướng dẫn)
स्वरूप: थीसिस
भाषा:Vietnamese
प्रकाशित: Đà Lạt : Trường Đại học Đà Lạt, 2001
टैग : टैग जोड़ें
कोई टैग नहीं, इस रिकॉर्ड को टैग करने वाले पहले व्यक्ति बनें!
Thư viện lưu trữ: Thư viện Trường Đại học Đà Lạt
LEADER 00986nam a2200289 4500
001 DLU030023975
005 ##20030801
040 # # |a DLU  |b vie 
041 # # |a vie 
044 # # |a vn 
082 # # |a 540  |b NG-N 
100 # # |a Nguyễn Thị Nga 
245 # # |a Xác định các nguyên tố đất hiếm riêng biệt trong Monazit và Zircon cùng thế hệ ở một số vùng ven biển miền trung và phương pháp kích hoạt Nơtron :  |b Tóm tắt luận án /  |c Nguyễn Thị Nga 
260 # # |a Đà Lạt :  |b Trường Đại học Đà Lạt,  |c 2001 
300 # # |a 11 tr. ;  |c 21 cm 
700 # # |a Lê Bá Thuận  |c TS.  |e Cán bộ hướng dẫn 
700 # # |a Nguyễn Văn Sức  |c TS.  |e Cán bộ hướng dẫn 
915 # # |a Hoá phân tích  |c Thạc sĩ  |d Trường Đại học Đà Lạt 
992 # # |a 0 
994 # # |a DLU 
900 # # |a True 
911 # # |a Lê Nguyên Khang 
925 # # |a G 
926 # # |a A 
927 # # |a LA 
980 # # |a Thư viện Trường Đại học Đà Lạt